000 01244nam a22002177a 4500
003 OSt
005 20211207113058.0
008 120530t xxu||||| |||| 00| 0 eng d
024 _a1453901091314
040 _cLC
050 _aHF5686.A17
245 _aAccounting and business analysis. /
246 _aBUS 2257 - Second Term 2012/13
260 _aLondon, Ontario:
_bIvey Business School,
_c2013.
300 _a[various pagings].:
_bill.;
490 _3Business case studies
505 _aContents: The grow green program -- Centre spot -- Cash budgeting/cash management -- Parsons' garden centre -- Rosa's palas franchise -- LG electronics Canada, Inc. -- the watch phone -- Shirley equipment corporation -- Statement of cash flows -- Knight importers -- Lowe's companies, Inc. -- Financial ratio analysis -- Healthy life group -- Financial planning -- projected financial statements -- Introduction to managerial accounting -- Stix furniture -- The differential cash flow model -- Cool moose creamery Eastern talon transport -- Adamac Inc. -- Horseshoe resort -- Adept chemical Inc. -- Terracycle Inc. -- CAA auto repair faculty --
653 _a Social structure.
_aAccounting
710 _bIvey Business School
942 _2lcc
_cBK
999 _c8200
_d15700